Československé devizové předpisy

Guardado en:
Detalles Bibliográficos
Autor principal: Bakeš, Milan
Otros Autores: Malík, Antonín, Mojžíšková, Soňa
Formato: Libro
Lenguaje:checo
Publicado: Praha Panorama 1987
Edición:2. podstatně přeprac. a dopln. vyd.
Colección:Praktické příručky
Etiquetas: Agregar Etiqueta
Sin Etiquetas, Sea el primero en etiquetar este registro!

MARC

LEADER 00000nam a2200000 4500
001 c025485
005 20221219105922.9
041 0 |a cze 
044 |a CZ 
245 1 0 |a Československé devizové předpisy  |c Milan Bakeš, Antonín Malík, Soňa Mojžíšková 
250 |a 2. podstatně přeprac. a dopln. vyd. 
264 1 |a Praha  |b Panorama  |c 1987 
300 |a 307 s. 
490 1 |a Praktické příručky 
830 0 |a Praktické příručky 
100 1 |a Bakeš, Milan 
700 1 |a Malík, Antonín 
700 1 |a Mojžíšková, Soňa